=LDR 00000nam 2200000 4500 =001 INLIS000000000033666 =005 20130612135616 =008 ***********************************ind** =035 ##$$a0010-061300000033666 =041 ##$$a ind =082 ##$$a 813 =090 ##$$a 813, Fan 2 =100 ##$$a Fanjavi,Nizami =245 ##$$a Qais dan Laila Romeo dan Yuliet versi Timur tengah, Nizami Fanjavi;Penyunting Zulaikha =260 ##$$a 2009 $b Samarinda =300 ##$$a 272 hlm, 21 cm =650 ##$$a Fiksi Indonesia =700 ##$$a Zulaikha =850 ##$$a NBPNMAT =990 ##$$a 93826/BPAP-NTB/2014 =990 ##$$a 21400613/BPAP-NTB/20142014